| 000 | 00786cab a2200265 4500 | ||
|---|---|---|---|
| 001 | WB3338-44 | ||
| 008 | 090401t1997 xxu||||| |||| 00| 0 eng d | ||
| 035 | _a(Sirsi) u81189 | ||
| 041 | _aeng | ||
| 245 | _aGlasgow`s property registers | ||
| 260 | _c1997 | ||
| 350 | _a0 | ||
| 490 |
_aHerald _v1 October 1997, 21(1) |
||
| 520 | _aElectronic access is about to transform the Registers of Scotland. Describes the ScotLIS project and the information which will become available. | ||
| 650 | _aELECTRONIC ACCESS | ||
| 650 | _aHM LAND REGISTRY | ||
| 650 | _aPROPERTY INFORMATION | ||
| 650 | _aPROPERTY REGISTERS | ||
| 650 | _aREGISTERS OF SCOTLAND | ||
| 650 | _aSCOTLAND | ||
| 650 | _aSCOTLIS | ||
| 690 | _aPROPERTY LAW AND PRACTICE | ||
| 942 | _n0 | ||
| 948 | _c01/10/1997 | ||
| 999 |
_c51164 _d51164 |
||